| 000 | 00000nam##2200000za#4500 |
| 001 | 9.580032 |
| 003 | CaOODSP |
| 005 | 20210624190838 |
| 007 | cr ||||||||||| |
| 008 | 150406|2008||||xxc|||||o f|0| 0 eng|d |
| 022 | |a1488-5387 |
| 040 | |aCaOODSP|beng |
| 043 | |an-cn--- |
| 086 | 1 |aFs97-4/2738E-PDF |
| 110 | 1 |aCanada. |bDepartment of Fisheries and Oceans. |
| 245 | 10|aResearch and goal priorities for fish habitat management : |h[electronic resource]|bscience support requirements for implementing the fish habitat protection provisions of the Fisheries Act / |cby D.J. Walks, B. Fallis, and D. Ming. |
| 260 | |aBurlington - Ontario : |bFisheries and Oceans Canada |c2008. |
| 300 | |a71p.|bfigs., references, tables |
| 490 | 1 |aCanadian manuscript report of fisheries and aquatic sciences|x1488-5387|vNo. 2738 |
| 500 | |aFile reproduced from print. On t. p. : Ontario-Great Lakes Area, Burlington, Ontario. The catalogue number and ISSN for the print edition appear in the PDF version. |
| 546 | |a(Résumés en français) |
| 590 | |a14-13-Supp|b2014-06-23 |
| 720 | 1 |aMing, D. |
| 720 | 1 |aWalks, D. J. |
| 720 | 1 |aFallis, B. |
| 776 | 0#|tResearch and goal priorities for fish habitat management : |w(CaOODSP)9.618778 |
| 830 | #0|aCanadian manuscript report of fisheries and aquatic sciences,|x1488-5387|vNo. 2738|w(CaOODSP)9.505211 |
| 856 | 40|ahttp://publications.gc.ca|qPDF|s411 KB|uhttps://publications.gc.ca/collections/collection_2014/mpo-dfo/Fs97-4-2738-eng.pdf|yNo. 2738 |